[Event "Women's Speed Chess Q7"]
[Site "chess.com INT"]
[Date "2021.06.06"]
[Round "11"]
[White "Komiagina, Maria"]
[Black "Selkirk, Rebecca"]
[Result "1-0"]
[WhiteTitle "WIM"]
[BlackTitle "WCM"]
[WhiteElo "2241"]
[BlackElo "1799"]
[WhiteFideId "4153987"]
[BlackFideId "14306514"]
[EventDate "2021.06.06"]

1. d4 d5 2. Bf4 Nf6 3. e3 c5 4. Nf3 Nc6 5. Nbd2 Bg4 6. c3 e6 7. Bb5 a6 8. Bxc6+
bxc6 9. Qa4 Qb6 10. O-O Be7 11. Ne5 Rc8 12. dxc5 Bxc5 13. Nb3 Be7 14. Bg5 Bf5
15. Rfe1 O-O 16. Bxf6 Bxf6 17. Nd7 Qb5 18. Nxf6+ gxf6 19. Qh4 Kg7 20. Nd4 Qd3
21. Rad1 Qe4 22. Qg3+ Bg6 23. f3 Qe5 24. Qf2 c5 25. Ne2 Qb8 26. Nf4 Qb6 27. h4
h5 28. Qg3 Qxb2 29. Nxh5+ Kh8 30. Nxf6 Qxc3 31. Qf4 e5 32. Qh6+ Bh7 33. Qxh7# 1-0

[Event "Women's Speed Chess Q7"]
[Site "chess.com INT"]
[Date "2021.06.06"]
[Round "11"]
[White "Kotepalli, Sai Nirupama"]
[Black "Nguyen, Hong Anh"]
[Result "0-1"]
[WhiteTitle "WFM"]
[BlackTitle "WIM"]
[WhiteElo "1914"]
[BlackElo "1993"]
[WhiteFideId "5039444"]
[BlackFideId "12406732"]
[EventDate "2021.06.06"]

1. e4 c5 2. d3 Nc6 3. Nf3 g6 4. g3 Bg7 5. Bg2 Nf6 6. O-O O-O 7. c3 d5 8. e5 Ne8
9. d4 cxd4 10. cxd4 Nc7 11. Nc3 Bg4 12. Be3 Na5 13. b3 Rc8 14. Rc1 Ne6 15. h3
Bxf3 16. Qxf3 Nc6 17. Rfd1 Nb4 18. a3 Nc6 19. Qxd5 Qb6 20. Qf3 Qxb3 21. Ne4
Nexd4 22. Bxd4 Qxf3 23. Bxf3 Nxd4 24. Rxc8 Nxf3+ 25. Kg2 Rxc8 26. Kxf3 Bxe5 27.
Rd7 Rc7 28. Rd8+ Kg7 29. a4 h6 30. a5 f5 31. Nd2 Bc3 32. Nb3 Bf6 33. Ra8 Rc3+ 0-1

[Event "Women's Speed Chess Q7"]
[Site "chess.com INT"]
[Date "2021.06.06"]
[Round "11"]
[White "Zakirova, Aisha"]
[Black "Morris-Suzuki, Sophie"]
[Result "1-0"]
[WhiteTitle "WCM"]
[BlackTitle "WFM"]
[WhiteElo "1585"]
[BlackElo "2043"]
[WhiteFideId "13719734"]
[BlackFideId "30922615"]
[EventDate "2021.06.06"]

1. d4 d5 2. c4 Nc6 3. Nf3 Bg4 4. cxd5 Bxf3 5. dxc6 Bxc6 6. Nc3 Nf6 7. Bg5 h6 8.
Bxf6 exf6 9. d5 Bd7 10. e4 Bd6 11. Be2 O-O 12. O-O f5 13. Rc1 fxe4 14. Nxe4
Bxh2+ 15. Kxh2 Qh4+ 16. Kg1 Qxe4 17. Rxc7 Rad8 18. Bf3 Qf4 19. Rxb7 Bc6 20. Rxa7
Qb8 21. Re7 Qxb2 22. dxc6 Rxd1 23. Rxd1 Rc8 24. c7 Kh7 25. Be4+ g6 26. Rxf7+ Kg8
27. Bxg6 Qxa2 28. Rd8+ Rxd8 29. cxd8=Q# 1-0

[Event "Women's Speed Chess Q7"]
[Site "chess.com INT"]
[Date "2021.06.06"]
[Round "11"]
[White "Koridze, Lile"]
[Black "Jakubowska, Anna"]
[Result "1-0"]
[WhiteTitle "WFM"]
[BlackTitle "WIM"]
[WhiteElo "2016"]
[BlackElo "2073"]
[WhiteFideId "13612514"]
[BlackFideId "1121952"]
[EventDate "2021.06.06"]

1. d4 d5 2. c4 c6 3. Nf3 Nf6 4. Nc3 e6 5. e3 Nbd7 6. Bd3 dxc4 7. Bxc4 b5 8. Bd3
a6 9. O-O Bb7 10. a3 c5 11. Qe2 cxd4 12. exd4 Be7 13. Bf4 O-O 14. Rac1 Nb6 15.
Ne5 Nbd5 16. Bg3 Rc8 17. Ne4 Nxe4 18. Bxe4 Qb6 19. Qd3 Rfd8 20. Bxh7+ Kf8 21.
Bg6 f6 22. Qf3 Nc3 23. Qh5 Bxa3 24. Qh8+ Ke7 25. Qxg7+ Kd6 26. Nc4+ Kd5 27.
Nxb6+ 1-0

[Event "Women's Speed Chess Q7"]
[Site "chess.com INT"]
[Date "2021.06.06"]
[Round "11"]
[White "Berend, Elvira"]
[Black "Nguyen, Hong Ngoc"]
[Result "0-1"]
[WhiteTitle "WGM"]
[BlackTitle "WCM"]
[WhiteElo "2326"]
[BlackElo "1957"]
[WhiteFideId "4000510"]
[BlackFideId "12403083"]
[EventDate "2021.06.06"]

1. e4 c5 2. Nf3 d6 3. d4 cxd4 4. Nxd4 Nf6 5. Nc3 Nc6 6. g3 Nxd4 7. Qxd4 e5 8.
Qd3 Be6 9. Bg2 Be7 10. O-O O-O 11. b3 a6 12. Bb2 Qc7 13. Nd5 Bxd5 14. exd5 Rac8
15. c4 Nd7 16. Rac1 f5 17. Qe2 Bf6 18. f4 e4 19. Bxf6 Nxf6 20. Bh3 g6 21. Qe3
Qc5 22. Qxc5 Rxc5 23. Kf2 Rfc8 24. Ke3 b5 25. Kd4 bxc4 26. Rxc4 Rxc4+ 27. bxc4
Nd7 28. Rb1 Nc5 29. Bf1 Kf7 30. Be2 Ke7 31. h3 h5 32. Rh1 Rb8 33. g4 Rb2 34. Rh2
Rxa2 35. gxf5 gxf5 36. h4 Ra3 37. Rg2 Rh3 38. Rg7+ Kf6 39. Rg8 Nb3# 0-1

[Event "Women's Speed Chess Q7"]
[Site "chess.com INT"]
[Date "2021.06.06"]
[Round "11"]
[White "Kulkarni, Bhakti"]
[Black "Balabayeva, Xeniya"]
[Result "1-0"]
[WhiteTitle "IM"]
[BlackTitle "WFM"]
[WhiteElo "2391"]
[BlackElo "2116"]
[WhiteFideId "5019516"]
[BlackFideId "13719688"]
[EventDate "2021.06.06"]

1. d4 d5 2. c4 e6 3. Nc3 a6 4. cxd5 exd5 5. Nf3 Nf6 6. Bg5 Be7 7. e3 O-O 8. Bd3
h6 9. Bh4 b6 10. Qc2 Bb7 11. O-O-O Nbd7 12. Ne5 Nxe5 13. dxe5 Nd7 14. Bxe7 Qxe7
15. f4 Nc5 16. Bh7+ Kh8 17. Nxd5 Bxd5 18. Rxd5 g6 19. Bxg6 fxg6 20. Qxg6 Qg7 21.
Qh5 Kh7 22. Rhd1 Rf7 23. f5 Raf8 24. e6 Re7 25. g4 Qg5 26. Qh3 Rfe8 27. Qg3 c6
28. h4 Qg7 29. Rd6 Ne4 30. Qf4 Nxd6 31. Rxd6 Rf8 32. g5 hxg5 33. hxg5 Qg8 34.
Qh4+ Kg7 35. Qh6# 1-0

[Event "Women's Speed Chess Q7"]
[Site "chess.com INT"]
[Date "2021.06.06"]
[Round "11"]
[White "Papp, Petra"]
[Black "Pham, Le Thao Nguyen"]
[Result "0-1"]
[WhiteTitle "WGM"]
[BlackTitle "IM"]
[WhiteElo "2336"]
[BlackElo "2369"]
[WhiteFideId "739049"]
[BlackFideId "12401226"]
[EventDate "2021.06.06"]

1. e4 c6 2. d4 d5 3. Nd2 dxe4 4. Nxe4 Nf6 5. Nxf6+ exf6 6. c3 Bd6 7. Bd3 Qe7+ 8.
Ne2 Bg4 9. O-O Bxe2 10. Qxe2 Qxe2 11. Bxe2 Nd7 12. c4 O-O 13. Bg4 Rfd8 14. Be3
Nf8 15. b3 g6 16. Rad1 Kg7 17. Rfe1 Ne6 18. Bxe6 fxe6 19. Bc1 Kf7 20. Bb2 Rd7
21. g3 Rad8 22. f4 Bc7 23. Bc3 Bb6 24. c5 Bxc5 25. Kg2 Bxd4 26. Ba5 b6 27. Bb4
c5 28. Ba3 Bc3 29. Rxd7+ Rxd7 30. Re4 Rd2+ 31. Kf3 Rxa2 32. Bc1 Bd4 33. g4 Rc2
34. Ba3 Rc3+ 35. Kg2 Rxb3 36. Bc1 a5 37. f5 gxf5 38. gxf5 exf5 39. Rh4 a4 40.
Rxh7+ Ke6 41. Ra7 b5 42. h4 f4 43. Bxf4 a3 44. h5 Rb2+ 45. Kf3 a2 46. h6 Rb3+
47. Kg4 a1=Q 48. Rxa1 Bxa1 49. h7 f5+ 50. Kh5 Bh8 0-1

[Event "Women's Speed Chess Q7"]
[Site "chess.com INT"]
[Date "2021.06.06"]
[Round "11"]
[White "Obregon Garcia, Roxangel"]
[Black "Fernandez, Maria Florencia"]
[Result "0-1"]
[WhiteTitle "WIM"]
[BlackTitle "WIM"]
[WhiteElo "2167"]
[BlackElo "2229"]
[WhiteFideId "3520420"]
[BlackFideId "116459"]
[EventDate "2021.06.06"]

1. e4 d6 2. d4 Nf6 3. Nc3 g6 4. h3 Bg7 5. g4 O-O 6. Bg2 c5 7. Nge2 Nc6 8. Be3
cxd4 9. Nxd4 Nxd4 10. Bxd4 Be6 11. O-O a6 12. Qd2 Rc8 13. Rad1 b5 14. Nd5 Bxd5
15. exd5 Rc4 16. c3 Qa5 17. a3 Rfc8 18. Rfe1 R4c7 19. Qe3 Qa4 20. g5 Nh5 21.
Bxg7 Nxg7 22. Rd4 Nf5 23. Rxa4 Nxe3 24. Re4 Nxd5 25. Rd4 Nb6 26. h4 Nc4 27. Re2
Kf8 0-1

[Event "Women's Speed Chess Q7"]
[Site "chess.com INT"]
[Date "2021.06.06"]
[Round "11"]
[White "Avramidou, Anastasia"]
[Black "Padmini, Rout"]
[Result "1-0"]
[WhiteTitle "FM"]
[BlackTitle "IM"]
[WhiteElo "2238"]
[BlackElo "2370"]
[WhiteFideId "4239873"]
[BlackFideId "5029295"]
[EventDate "2021.06.06"]

1. d4 Nf6 2. c4 c5 3. d5 b5 4. cxb5 a6 5. bxa6 g6 6. Nc3 d6 7. Nf3 Bg7 8. e4 O-O
9. Bd3 Bxa6 10. O-O Nfd7 11. Re1 Bxd3 12. Qxd3 Na6 13. Bg5 Re8 14. a4 Qa5 15.
Nb5 Nb4 16. Qd2 Bf8 17. h4 Reb8 18. h5 f6 19. Bf4 g5 20. Bxg5 fxg5 21. Qxg5+ Kh8
22. e5 Nc2 23. exd6 Nxe1 24. Rxe1 Qxa4 25. dxe7 Bg7 26. Nc7 Rg8 27. e8=Q Raxe8
28. Nxe8 Bxb2 29. Qf5 Qa8 30. Qxd7 c4 31. Qf7 c3 32. Qf6+ Rg7 33. Qxg7# 1-0

[Event "Women's Speed Chess Q7"]
[Site "chess.com INT"]
[Date "2021.06.06"]
[Round "11"]
[White "Kanyamarala, Trisha"]
[Black "Zaksaite, Salomeja"]
[Result "0-1"]
[WhiteTitle "WIM"]
[BlackTitle "WIM"]
[WhiteElo "2180"]
[BlackElo "2202"]
[WhiteFideId "45004722"]
[BlackFideId "12801496"]
[EventDate "2021.06.06"]

1. e4 g6 2. d4 Bg7 3. Nc3 b6 4. f4 Bb7 5. Nf3 e6 6. Bd3 Ne7 7. O-O O-O 8. Be3 d6
9. Bf2 Nd7 10. Re1 a6 11. e5 d5 12. Ne2 c5 13. c3 Nc6 14. g4 f5 15. exf6 Nxf6
16. h3 cxd4 17. Nfxd4 Qc8 18. Ng3 Ne4 19. Nxe4 dxe4 20. Bxe4 Rxf4 21. Bg3 Rxe4
22. Rxe4 Nxd4 23. Rxd4 Bxd4+ 24. Qxd4 Qc6 25. Qd2 Qh1+ 26. Kf2 Rf8+ 27. Ke3 Qf3+
28. Kd4 Rd8+ 0-1

[Event "Women's Speed Chess Q7"]
[Site "chess.com INT"]
[Date "2021.06.06"]
[Round "11"]
[White "Vantika, Agrawal"]
[Black "Fominykh, Maria"]
[Result "1-0"]
[WhiteTitle "WIM"]
[BlackTitle "WGM"]
[WhiteElo "2286"]
[BlackElo "2206"]
[WhiteFideId "25050389"]
[BlackFideId "4142411"]
[EventDate "2021.06.06"]

1. d4 d6 2. Nf3 Nf6 3. g3 g6 4. Bg2 Bg7 5. O-O O-O 6. c4 Nc6 7. Nc3 Bd7 8. b3 a6
9. Bb2 Rb8 10. d5 Na5 11. a4 c5 12. dxc6 Nxc6 13. Qd2 Na5 14. Qd1 Qc8 15. Rc1
Bh3 16. Nd5 Nxd5 17. cxd5 Qd7 18. Bxg7 Kxg7 19. b4 Bxg2 20. Kxg2 b5 21. bxa5
bxa4 22. Nd4 Rb2 23. Nc6 a3 24. Ra1 e5 25. Rxa3 Rc8 26. e4 f5 27. exf5 Qxf5 28.
Qf3 Qxf3+ 29. Rxf3 Rd2 30. Rb1 Rc7 31. Rb6 Rxd5 32. Rxa6 Rc5 33. Nd8 1-0

[Event "Women's Speed Chess Q7"]
[Site "chess.com INT"]
[Date "2021.06.06"]
[Round "11"]
[White "Zhou, Qiyu"]
[Black "Vo, Thi Kim Phung"]
[Result "0-1"]
[WhiteTitle "FM"]
[BlackTitle "WGM"]
[WhiteElo "2229"]
[BlackElo "2335"]
[WhiteFideId "505161"]
[BlackFideId "12401838"]
[EventDate "2021.06.06"]

1. e4 e6 2. d4 d5 3. Nc3 Nf6 4. e5 Nfd7 5. f4 c5 6. Nf3 Nc6 7. Be3 Be7 8. Qd2 c4
9. g4 b5 10. Nxb5 Rb8 11. Nd6+ Bxd6 12. exd6 Nf6 13. Ne5 Qxd6 14. Be2 Rxb2 15.
O-O Ne4 16. Qc1 Rb8 17. Bf3 Nc3 18. Bf2 O-O 19. Qe3 Nb5 20. c3 f6 21. Nxc6 Qxc6
22. g5 f5 23. a4 Nd6 24. Qe5 Rb3 25. Rfc1 Ne4 26. Bxe4 fxe4 27. f5 Rxf5 28. Qg3
Qd7 29. h4 Qf7 30. Be3 Rf3 31. Qd6 Rxe3 32. Qd8+ Qf8 0-1

[Event "Women's Speed Chess Q7"]
[Site "chess.com INT"]
[Date "2021.06.06"]
[Round "11"]
[White "Petrova, Irina"]
[Black "Zawadzka, Jolanta"]
[Result "1-0"]
[WhiteTitle "WIM"]
[BlackTitle "WGM"]
[WhiteElo "2110"]
[BlackElo "2403"]
[WhiteFideId "14124122"]
[BlackFideId "1122320"]
[EventDate "2021.06.06"]

1. e4 c6 2. d4 g6 3. Nc3 Bg7 4. Be3 d6 5. Bd3 Nd7 6. Nf3 e5 7. O-O Ngf6 8. a4
Qe7 9. h3 O-O 10. Re1 Nh5 11. Ne2 exd4 12. Nexd4 Ne5 13. Nxe5 dxe5 14. Nb3 Be6
15. Bc5 Qg5 16. Bxf8 Bxf8 17. Qf3 Nf4 18. Kh1 h5 19. Bf1 Kg7 20. Nc1 Bc5 21. Ne2
Bg4 22. Qg3 Rh8 23. Nxf4 exf4 24. Qc3+ Kg8 25. Bc4 Bxf2 26. Rf1 Bg3 27. Qd3 Qh4
28. Rad1 Bxh3 29. Qd8+ Qxd8 30. Rxd8+ Kg7 31. Rxh8 Be6 32. Bxe6 fxe6 33. Rd8 Kf6
34. Rd7 Ke5 35. Rxb7 g5 36. Rxa7 g4 37. a5 Kxe4 38. Re7 f3 39. gxf3+ Kf4 40.
Rxe6 gxf3 41. Rf6+ Ke3 42. R6xf3+ Kd2 43. Rxg3 Kxc2 44. Rh3 1-0

[Event "Women's Speed Chess Q7"]
[Site "chess.com INT"]
[Date "2021.06.06"]
[Round "11"]
[White "Semenova, Elena1"]
[Black "Dong, Khanh Linh"]
[Result "1/2-1/2"]
[WhiteTitle "WIM"]
[BlackTitle "WCM"]
[WhiteElo "2246"]
[BlackElo "1970"]
[WhiteFideId "24125148"]
[BlackFideId "12403040"]
[EventDate "2021.06.06"]

1. e4 c5 2. Nf3 d6 3. Nc3 Nf6 4. e5 dxe5 5. Nxe5 Nc6 6. Nxc6 bxc6 7. g3 e6 8.
Bg2 Nd5 9. O-O Be7 10. Qe2 O-O 11. d3 Ba6 12. Bd2 c4 13. dxc4 Bf6 14. Rad1 Qb8
15. Na4 Nb6 16. Nxb6 Qxb6 17. b3 Rad8 18. Be3 c5 19. Rxd8 Rxd8 20. Rd1 Rxd1+ 21.
Qxd1 Qc7 22. Qh5 Bd4 23. Qg4 Bxe3 24. fxe3 g6 25. Kf2 Bb7 26. Qf4 Qd7 27. Bxb7
Qxb7 28. Qe5 Qb4 29. c3 Qa3 30. Qb8+ Kg7 31. Qe5+ Kg8 32. Qb8+ Kg7 33. Qe5+ Kg8 1/2-1/2

[Event "Women's Speed Chess Q7"]
[Site "chess.com INT"]
[Date "2021.06.06"]
[Round "11"]
[White "Nurmanova, Alua"]
[Black "Arpita, Mukherjee"]
[Result "1-0"]
[WhiteTitle "WFM"]
[BlackTitle "WIM"]
[WhiteElo "2093"]
[BlackElo "2206"]
[WhiteFideId "13729390"]
[BlackFideId "5056403"]
[EventDate "2021.06.06"]

1. e4 c5 2. Nf3 d6 3. d4 cxd4 4. Nxd4 Nf6 5. Nc3 a6 6. Bg5 Nbd7 7. f4 Qc7 8. Qf3
h6 9. Bh4 g5 10. fxg5 hxg5 11. Bxg5 Qc5 12. Be3 Ne5 13. Qd1 Neg4 14. Bg1 Qb4 15.
Nb3 Nxe4 16. Bd4 e5 17. a3 Qxd4 18. Nxd4 Nxc3 19. bxc3 exd4 20. Qxd4 Rg8 21. h3
Ne5 22. O-O-O Be6 23. g4 Be7 24. Bg2 Rc8 25. Rhe1 Rc4 26. Qb6 Bg5+ 27. Kb1 Rc8
28. Qxd6 Nc4 29. Rxe6+ fxe6 30. Qxe6+ Kf8 31. Qxc8+ Kg7 32. Qxc4 1-0

[Event "Women's Speed Chess Q7"]
[Site "chess.com INT"]
[Date "2021.06.06"]
[Round "11"]
[White "Babiy, Olga"]
[Black "Corrales Jimenez, Zenia"]
[Result "1-0"]
[WhiteTitle "WGM"]
[BlackTitle "WIM"]
[WhiteElo "2280"]
[BlackElo "2189"]
[WhiteFideId "14117258"]
[BlackFideId "3506355"]
[EventDate "2021.06.06"]

1. d4 d5 2. Bf4 Nf6 3. Nf3 e6 4. e3 Be7 5. Nbd2 O-O 6. Bd3 c5 7. c3 Nc6 8. Ne5
Nxe5 9. dxe5 Nd7 10. Qh5 g6 11. Qh3 f5 12. Qg3 Kh8 13. h4 Qe8 14. Nf3 Rg8 15.
Bg5 b6 16. O-O-O a5 17. Bb5 Ba6 18. Bxa6 Rxa6 19. Qf4 a4 20. a3 b5 21. g4 b4 22.
h5 bxa3 23. bxa3 Rb6 24. hxg6 Rxg6 25. c4 Rb3 26. Rh5 Qb8 27. Kd2 Rb2+ 28. Ke1
Qb3 29. Bxe7 Qc3+ 30. Kf1 Qc2 31. Rd2 Qc1+ 32. Ke2 Rxd2+ 33. Nxd2 d4 34. exd4
cxd4 35. Qxd4 Nxe5 36. Qxe5+ Kg8 37. gxf5 1-0

[Event "Women's Speed Chess Q7"]
[Site "chess.com INT"]
[Date "2021.06.06"]
[Round "11"]
[White "Bodnaruk, Anastasia"]
[Black "Gaponenko, Inna"]
[Result "1-0"]
[WhiteTitle "IM"]
[BlackTitle "IM"]
[WhiteElo "2446"]
[BlackElo "2357"]
[WhiteFideId "4181751"]
[BlackFideId "14101181"]
[EventDate "2021.06.06"]

1. e4 g6 2. d4 Bg7 3. Nc3 d6 4. Be3 a6 5. Qd2 b5 6. h4 Nf6 7. f3 h5 8. O-O-O
Nbd7 9. Nh3 Nb6 10. Ng5 e6 11. Bd3 Qe7 12. d5 e5 13. f4 exf4 14. Bxf4 O-O 15.
Rhf1 Ng4 16. Rde1 b4 17. Ne2 a5 18. Bb5 Ba6 19. Bxa6 Rxa6 20. Nd4 Raa8 21. Nc6
Qd7 22. Rf3 Nc4 23. Qd3 Nxb2 24. Qe2 Na4 25. Rd3 Nc3 26. Rxc3 bxc3 27. Qc4 Qc8
28. Ne7+ Kh8 29. Nxc8 Rfxc8 30. Nxf7+ Kg8 31. Ng5 Rab8 32. Ne6 Bf6 33. e5 dxe5
34. Qe4 Rb7 35. Qxg6+ Kh8 36. Bxe5 Bxe5 37. Rxe5 Nxe5 38. Qg7# 1-0

[Event "Women's Speed Chess Q7"]
[Site "chess.com INT"]
[Date "2021.06.06"]
[Round "11"]
[White "Kashlinskaya, Alina"]
[Black "Gunina, Valentina"]
[Result "1/2-1/2"]
[WhiteTitle "IM"]
[BlackTitle "GM"]
[WhiteElo "2494"]
[BlackElo "2436"]
[WhiteFideId "4198026"]
[BlackFideId "4167570"]
[EventDate "2021.06.06"]

1. d4 d5 2. c4 c6 3. Nf3 Nf6 4. Nc3 dxc4 5. a4 Bf5 6. e3 Nbd7 7. Bxc4 e6 8. O-O
a5 9. Qe2 Bg6 10. e4 Bh5 11. Rd1 Bb4 12. h3 O-O 13. Bf4 Qe7 14. g4 Bg6 15. Bd3
Rfd8 16. Nh4 Nf8 17. Bg3 Rxd4 18. e5 Bxd3 19. exf6 Qd8 20. Qe3 c5 21. Nf3 Bc2
22. Nxd4 Bxd1 23. Rxd1 cxd4 24. Rxd4 Qxf6 25. Be5 Qg6 26. Ne4 Rc8 27. Kg2 f6 28.
Bd6 e5 29. Rd1 Ne6 30. Kg3 h5 31. Qb3 h4+ 32. Kh2 Re8 33. Bxb4 Qxe4 34. Rd6 Qe2
35. Rxe6 Qxf2+ 36. Kh1 Qf1+ 37. Kh2 Qf2+ 38. Kh1 Qf1+ 39. Kh2 Qf2+ 1/2-1/2

[Event "Women's Speed Chess Q7"]
[Site "chess.com INT"]
[Date "2021.06.06"]
[Round "11"]
[White "Arabidze, Meri"]
[Black "Batsiashvili, Nino"]
[Result "1-0"]
[WhiteTitle "IM"]
[BlackTitle "GM"]
[WhiteElo "2432"]
[BlackElo "2491"]
[WhiteFideId "13604040"]
[BlackFideId "13602993"]
[EventDate "2021.06.06"]

1. Nf3 f5 2. g3 Nf6 3. Bg2 g6 4. O-O Bg7 5. d4 O-O 6. c4 d6 7. Nc3 c6 8. b3 a5
9. Bb2 Na6 10. Rc1 Bd7 11. Re1 b5 12. Nd2 b4 13. Na4 Rb8 14. e4 fxe4 15. Nxe4
Nxe4 16. Bxe4 Qe8 17. Qd2 Qf7 18. f4 Nc7 19. c5 Nd5 20. Qg2 Bf5 21. Bxf5 Qxf5
22. Nb6 Nxb6 23. cxb6 Qd7 24. Qxc6 Rfd8 25. Qd5+ Kh8 26. Rc7 Qf5 27. Qxf5 gxf5
28. Rexe7 Bf6 29. Rxh7+ Kg8 30. b7 d5 31. Kg2 Rd6 32. Rc8+ Rd8 33. Rcc7 Rd6 34.
h3 Re6 35. Kf3 Rb6 36. g4 Bd8 37. Rcg7+ Kf8 38. g5 1-0

[Event "Women's Speed Chess Q7"]
[Site "chess.com INT"]
[Date "2021.06.06"]
[Round "11"]
[White "Frayna, Janelle Mae"]
[Black "Kazarian, Anna-Maja"]
[Result "1-0"]
[WhiteTitle "WGM"]
[BlackTitle "FM"]
[WhiteElo "2179"]
[BlackElo "2096"]
[WhiteFideId "5212499"]
[BlackFideId "1033689"]
[EventDate "2021.06.06"]

1. d4 d5 2. c4 c6 3. Nf3 Nf6 4. e3 e6 5. Nc3 Be7 6. Bd3 O-O 7. O-O Nbd7 8. e4
dxe4 9. Nxe4 Nxe4 10. Bxe4 Nf6 11. Bc2 b6 12. Re1 Bb7 13. Bg5 c5 14. Qd3 g6 15.
Rad1 cxd4 16. Nxd4 Qc7 17. b3 a6 18. Qh3 Rfd8 19. Nxe6 Rxd1 20. Bxd1 fxe6 21.
Qxe6+ Kf8 22. Bh6+ Ke8 23. Qxf6 Rd8 24. Qh8+ Kd7 25. Bg4+ Kc6 26. Qxh7 Bd6 27.
Bf3+ Kc5 28. Qxc7+ Bxc7 29. Bxb7 a5 30. Bd5 Kb4 31. Bd2+ Ka3 32. Bc3 Kxa2 33. b4
axb4 34. Bxb4 Kb3 35. Be7 Re8 36. Bb4 Rd8 37. Rb1+ Kc2 38. Be4+ 1-0

[Event "Women's Speed Chess Q7"]
[Site "chess.com INT"]
[Date "2021.06.06"]
[Round "11"]
[White "Ambartsumova, Karina"]
[Black "Nikolova, Adriana"]
[Result "1-0"]
[WhiteTitle "IM"]
[BlackTitle "WGM"]
[WhiteElo "2382"]
[BlackElo "2243"]
[WhiteFideId "4166299"]
[BlackFideId "2908689"]
[EventDate "2021.06.06"]

1. c4 e5 2. Nc3 Nf6 3. Nf3 Nc6 4. a3 d5 5. cxd5 Nxd5 6. Qc2 Nxc3 7. dxc3 Bd6 8.
b4 a6 9. e4 O-O 10. Be2 Bg4 11. O-O Qf6 12. h3 Bh5 13. Be3 Rad8 14. a4 Rb8 15.
b5 axb5 16. axb5 Nd8 17. c4 b6 18. Ne1 Bxe2 19. Qxe2 Ne6 20. Nd3 Qg6 21. f3 f5
22. exf5 Rxf5 23. Nf2 Bc5 24. Bxc5 Nxc5 25. Ne4 Ne6 26. Qd2 Rd8 27. Qf2 Nf4 28.
Kh2 Rf7 29. Rfd1 Rfd7 30. Rxd7 Rxd7 31. Ra8+ Kf7 32. Ra2 h6 33. Rd2 Rd4 34. Rxd4
exd4 35. g3 Ne6 36. Qd2 Qf5 37. Qd3 Qe5 38. f4 Qh5 39. f5 Nc5 40. Qxd4 Qe2+ 41.
Nf2 Kg8 42. Kg2 1-0

[Event "Women's Speed Chess Q7"]
[Site "chess.com INT"]
[Date "2021.06.06"]
[Round "11"]
[White "Tokhirjonova, Gulrukhbegim"]
[Black "Ortiz Verdezoto, Anahi"]
[Result "1-0"]
[WhiteTitle "WGM"]
[BlackTitle "WIM"]
[WhiteElo "2344"]
[BlackElo "2013"]
[WhiteFideId "14203626"]
[BlackFideId "3614581"]
[EventDate "2021.06.06"]

1. Nf3 d5 2. g3 Nf6 3. Bg2 c6 4. O-O e6 5. d4 Be7 6. c3 O-O 7. b3 b6 8. Bb2 Bb7
9. Nbd2 Nbd7 10. Rc1 c5 11. e3 Rc8 12. Re1 Qc7 13. Qe2 Rfe8 14. h4 h6 15. c4 Qb8
16. Ne5 dxc4 17. Ndxc4 Bxg2 18. Kxg2 b5 19. Nxd7 Nxd7 20. Ne5 Nxe5 21. dxe5 Qb7+
22. e4 a5 23. f4 Red8 24. Kh3 c4 25. f5 exf5 26. exf5 Rd3 27. Red1 Rcd8 28. Rxd3
cxd3 29. Qg4 Kh7 30. f6 Bf8 31. e6 d2 32. Rf1 g6 33. e7 Bxe7 34. fxe7 Qxe7 35.
Qf3 Qe6+ 36. Kh2 Rd7 37. Rd1 Qd6 38. Bc3 b4 39. Rxd2 Qxd2+ 40. Bxd2 Rxd2+ 41.
Kh3 Kg7 42. Qa8 Rxa2 43. Qd5 Ra3 44. Kg4 h5+ 45. Kf4 Ra2 46. Ke3 Ra3 47. Kd4 a4
48. bxa4 Rxa4 49. Kc5 Ra3 50. Kxb4 Ra2 51. Qxa2 1-0

[Event "Women's Speed Chess Q7"]
[Site "chess.com INT"]
[Date "2021.06.06"]
[Round "11"]
[White "Purtseladze, Maka"]
[Black "Cyfka, Karina"]
[Result "1/2-1/2"]
[WhiteTitle "IM"]
[BlackTitle "IM"]
[WhiteElo "2274"]
[BlackElo "2417"]
[WhiteFideId "13602659"]
[BlackFideId "1122681"]
[EventDate "2021.06.06"]

1. b3 d6 2. d4 g6 3. Bb2 Bg7 4. Nf3 b6 5. e4 Bb7 6. Nbd2 e6 7. Bd3 Nd7 8. h4
Ngf6 9. Qe2 h5 10. Ng5 Nh7 11. Nxh7 Rxh7 12. O-O-O Qe7 13. Ba6 O-O-O 14. a4 Nb8
15. Bxb7+ Kxb7 16. f3 a5 17. Qb5 Qd7 18. Nc4 Qxb5 19. axb5 d5 20. Ne3 dxe4 21.
fxe4 Nd7 22. Kb1 Nf6 23. e5 Nd5 24. Nxd5 Rxd5 25. c4 Rd7 26. Rdf1 Bf8 27. Rf3
Be7 28. g3 Bb4 29. Rhf1 Kc8 30. Kc2 Kd8 31. Bc3 Bf8 32. Rd3 Bh6 33. d5 exd5 34.
cxd5 Ke7 35. Bb2 Bg7 36. Ba3+ Ke8 37. Bb2 Bh6 38. Kc3 Bg7 39. Kc4 Ke7 40. Rdf3
Bh8 41. Rxf7+ Rxf7 42. Rxf7+ Kxf7 43. e6+ Ke7 44. Ba3+ Ke8 45. exd7+ Kxd7 46.
Bc1 Be5 47. Bf4 Bf6 48. Kd3 Be7 49. Ke4 Bf6 50. Be5 Be7 51. Bf4 Bf6 52. Bg5 Bc3
53. Bf4 Bf6 1/2-1/2

[Event "Women's Speed Chess Q7"]
[Site "chess.com INT"]
[Date "2021.06.06"]
[Round "11"]
[White "Golubenko, Valentina"]
[Black "Kabanova, Ekaterina"]
[Result "0-1"]
[WhiteTitle "WGM"]
[BlackTitle "WFM"]
[WhiteElo "2209"]
[BlackElo "2138"]
[WhiteFideId "4501993"]
[BlackFideId "24112917"]
[EventDate "2021.06.06"]

1. d4 c5 2. d5 e5 3. dxe6 fxe6 4. c4 a6 5. e4 Nc6 6. g3 d6 7. Bg2 Nf6 8. Nc3 Be7
9. Nge2 O-O 10. O-O Bd7 11. Bf4 Qc7 12. Qd2 h6 13. Rfd1 e5 14. Be3 Nd4 15. Bxd4
cxd4 16. Nd5 Nxd5 17. cxd5 Rac8 18. Rac1 Qb6 19. b3 Bg5 20. f4 d3+ 21. Kh1 dxe2
22. Qxe2 exf4 23. Rxc8 Bxc8 24. e5 dxe5 25. Qxe5 f3 26. Bf1 Bf6 27. Qe4 Bd8 28.
Bc4 Qd6 29. Rf1 b5 30. Bd3 Bf5 31. Qxf3 Bxd3 32. Qxd3 Rxf1+ 33. Qxf1 Qxd5+ 34.
Qg2 Qxg2+ 35. Kxg2 Kf7 36. Kf3 Ke6 37. Ke4 Bc7 38. Kd4 Bd6 39. Ke4 g5 40. Kd4 h5
41. Ke4 Bc5 42. Kf3 Ke5 43. h3 Kf5 44. g4+ hxg4+ 45. hxg4+ Ke5 46. a4 bxa4 47.
bxa4 a5 48. Kg2 Kf4 49. Kh3 Bb4 50. Kh2 Kxg4 51. Kg2 Kf4 52. Kh3 g4+ 53. Kg2 g3
54. Kf1 Kf3 55. Kg1 g2 56. Kh2 Kf2 57. Kh3 g1=Q 0-1